LEADER 01066nam0 2200349 450 001 990000910840203316 010 $a88-384-2065-3 035 $a0091084 035 $aUSA010091084 035 $a(ALEPH)000091084USA01 035 $a0091084 100 $a19950404d1994 |||y0itay01 ba 101 $aita 102 $aIT 105 $aa 00||| 200 1 $aDolcissimo Iddio$e41 lettere inedite alla diletta figlia spirituale Giuseppina Morgera$fpadre Pio da Pietrelcina$ga cura di Felice D'Onofrio, Pietro Zarrella 210 $aCasale Monferrato$cPiemme$d1994 215 $a197 p., [2] c. di tav.$cill.$d22 cm 676 $a248.4 700 0$aPio$c: da Pietrelcina$0551893 702 1$aZARRELLA,$bPietro 702 1$aD'ONOFRIO,$bFelice 801 0$aIT$bsalbc$gISBD 912 $a990000910840203316 951 $aXIV 505$b123800 LM$cXIV 959 $aBK 969 $aUMA 979 $aPATTY$b90$c20020128$lUSA01$h1226 979 $c20020403$lUSA01$h1734 979 $aPATRY$b90$c20040406$lUSA01$h1703 996 $aDolcissimo Iddio$9971219 997 $aUNISA LEADER 01277nam 2200361Ia 450 001 996389822103316 005 20221108044053.0 035 $a(CKB)1000000000643129 035 $a(EEBO)2240955693 035 $a(OCoLC)12210393 035 $a(EXLCZ)991000000000643129 100 $a19850628d1684 uy | 101 0 $alat 135 $aurbn||||a|bb| 200 10$aTori? patros e?omon Theophilou episkopson pros Autolykon bi?bli?a tri?a$b[electronic resource] =$eS. Theophili episcopi Antiocheni ad Autolycum libri III recogniti et notis illustrati 210 $aOxonii $ce theatro Sheldoniano$d1684 215 $a[12], 289, [6] p 300 $aIndex: p. [5]-[6] at end. 300 $aNotes by Bishop Fell. cf. Brit. Mus. Cat. 300 $aText in Greek and Latin. 300 $aReproduction of original in the University of Illinois (Urbana-Champaign Campus). Library. 330 $aeebo-0167 700 $aTheophilus$cSaint,$f2nd cent.$0293869 701 $aFell$b John$f1625-1686.$01001113 801 0$bEAA 801 1$bEAA 801 2$bm/c 801 2$bUMI 801 2$bWaOLN 906 $aBOOK 912 $a996389822103316 996 $aTori? patros e?omon Theophilou episkopson pros Autolykon bi?bli?a tri?a$92409478 997 $aUNISA